| 000 | 01238cam a22002415a 4500 | ||
|---|---|---|---|
| 001 | L157814 | ||
| 002 | 19353 | ||
| 008 | 130529s2013 xxk f 000 0 eng d | ||
| 020 | _a9780415509879 | ||
| 035 | _a(Sirsi) u157814 | ||
| 041 | 0 | _aeng | |
| 050 | 0 | 4 | _a692.5 $2 18 |
| 100 | 1 | _aGreenhalgh, Brian | |
| 245 | 0 | 0 | _aIntroduction to Estimating for Construction |
| 260 |
_aOxon _bRoutledge _c2013 |
||
| 350 | _a24.99 | ||
| 505 | 2 | _aIntroduction to estimating construction work -- The nature of costs in construction -- Early contractor involvement in tendering procedures -- The stages of development of construction projects -- Estimating techniques at inception and desing stages -- Estimating techniques at design completion stage -- Conversion of a contractor's estimate -- The construction stage -- Other costs applicapble to construction work | |
| 520 | _aThis is an easy to read introduction to building estimating for undergraduate students, or anyone working in a quantity surveying or construction commercial management role who needs a quick reference. | ||
| 650 | 2 | 4 | _aBUILT ENVIRONMENT-QUANTITY SURVEYING-CONSTRUCTION COST ESTIMATING |
| 651 | 4 | _aENGLAND AND WALES | |
| 690 |
_aQuantity Surveying _96263 |
||
| 942 | _n0 | ||
| 999 |
_c114980 _d114980 |
||